| 000 | 00512nam a2200169 a 4500 | ||
|---|---|---|---|
| 005 | 20140412111300.0 | ||
| 008 | 030415s19uu xx 00 eng d | ||
| 020 | _a0-89375-083-2 | ||
| 050 |
_aER _bGh35 |
||
| 100 | _aSupraner, Robyn | ||
| 245 |
_aThe Ghost in the attic / _cwritten by Robyn Supraner ; illustrated by Eulala Conner. |
||
| 260 |
_aU. S. A : _bTroll Associates, _c1979. |
||
| 300 | _a1 v. (unp.) ; ill. | ||
| 440 | _aA Troll Easy-To-Read Mystery | ||
| 650 | _aGhosts--Fiction | ||
| 999 |
_c103353 _d103353 |
||